Crop residues for animal feed: (Record no. 1502)

MARC details
000 -LEADER
fixed length control field 00681nam a22002297a 4500
005 - DATE AND TIME OF LATEST TRANSACTION
control field 20241217144536.0
008 - FIXED-LENGTH DATA ELEMENTS--GENERAL INFORMATION
fixed length control field 241217b |||||||| |||| 00| 0 eng d
020 ## - INTERNATIONAL STANDARD BOOK NUMBER
International Standard Book Number 9789085731481
020 ## - INTERNATIONAL STANDARD BOOK NUMBER
International Standard Book Number 9789290815792
040 ## - CATALOGING SOURCE
Original cataloging agency KMU
Transcribing agency KMU
Modifying agency KMU
Description conventions rda
050 ## - LIBRARY OF CONGRESS CALL NUMBER
Classification number SF 95
245 ## - TITLE STATEMENT
Title Crop residues for animal feed:
Remainder of title especially in stall-feeding /
Statement of responsibility, etc. Adri Vink and Hans Schiere
260 ## - PUBLICATION, DISTRIBUTION, ETC.
Place of publication, distribution, etc. Wageningen:
Name of publisher, distributor, etc. Agromisa Foundation and CTA,
Date of publication, distribution, etc. 2015.
300 ## - PHYSICAL DESCRIPTION
Extent 91p. :
Other physical details ill. ;
Dimensions 21 cm.
490 ## - SERIES STATEMENT
Series statement Series 53
500 ## - GENERAL NOTE
General note Include further reading and glossary
650 ## - SUBJECT ADDED ENTRY--TOPICAL TERM
Topical term or geographic name entry element Crop residues
650 ## - SUBJECT ADDED ENTRY--TOPICAL TERM
Topical term or geographic name entry element Animal Feed
700 ## - ADDED ENTRY--PERSONAL NAME
Personal name Vink Adri
700 ## - ADDED ENTRY--PERSONAL NAME
Personal name Schiere Hans
942 ## - ADDED ENTRY ELEMENTS (KOHA)
Koha item type Non-Fiction
Source of classification or shelving scheme Library of Congress Classification
Suppress in OPAC No
Holdings
Withdrawn status Lost status Source of classification or shelving scheme Damaged status Not for loan Collection Home library Current library Shelving location Date acquired Total Checkouts Full call number Barcode Date last seen Date last checked out Price effective from Koha item type
    Library of Congress Classification     Non-fiction Kapasa Makasa University Kapasa Makasa University Open Access 17.12.2024 1 SF 95 Cro 301004 04.03.2025 20.02.2025 17.12.2024 Non-Fiction
    Library of Congress Classification     Non-fiction Kapasa Makasa University Kapasa Makasa University Open Access 17.12.2024   SF 95 Cro 301005 17.12.2024   17.12.2024 Non-Fiction
    Library of Congress Classification     Non-fiction Kapasa Makasa University Kapasa Makasa University Open Access 17.12.2024   SF 95 Cro 301006 20.05.2026   17.12.2024 Non-Fiction
    Library of Congress Classification     Non-fiction Kapasa Makasa University Kapasa Makasa University Open Access 17.12.2024 1 SF 95 Cro 301007 10.06.2025 21.05.2025 17.12.2024 Non-Fiction